Encyclopaedia of General Knowledge / (Record no. 7038)
[ view plain ]
| 000 -LEADER | |
|---|---|
| fixed length control field | 00291cam a2200109ua 4500 |
| 082 ## - DEWEY DECIMAL CLASSIFICATION NUMBER | |
| Classification number | 032. |
| Item number | GRA/EN |
| 100 ## - MAIN ENTRY--AUTHOR NAME | |
| Personal name | Graham Brade, Birks S . |
| 245 ## - TITLE STATEMENT | |
| Title | Encyclopaedia of General Knowledge / |
| 260 ## - PUBLICATION, DISTRIBUTION, ETC. (IMPRINT) | |
| Place of publication | London : |
| Name of publisher | English Universities Press , |
| Year of publication | 1963. |
| 300 ## - PHYSICAL DESCRIPTION | |
| Number of Pages | 536 ; . |
| 942 ## - ADDED ENTRY ELEMENTS (KOHA) | |
| Koha item type | Reference |
| Withdrawn status | Lost status | Damaged status | Collection code | Home library | Current library | Shelving location | Date acquired | Full call number | Accession Number | Koha item type |
|---|---|---|---|---|---|---|---|---|---|---|
| Reference | KAUAET | KAUAET | Reference | 07/04/2012 | 032.GRA/EN | 3576 | Reference |
